LEADER 01693nam 2200565Ia 450 001 9910452736303321 005 20200520144314.0 010 $a1-60876-969-0 035 $a(CKB)2550000001041609 035 $a(EBL)3018710 035 $a(SSID)ssj0000835635 035 $a(PQKBManifestationID)11462253 035 $a(PQKBTitleCode)TC0000835635 035 $a(PQKBWorkID)10997356 035 $a(PQKB)11161555 035 $a(MiAaPQ)EBC3018710 035 $a(Au-PeEL)EBL3018710 035 $a(CaPaEBR)ebr10661648 035 $a(OCoLC)833574011 035 $a(EXLCZ)992550000001041609 100 $a20081119d2009 uy 0 101 0 $aeng 135 $aur|n|---||||| 181 $ctxt 182 $cc 183 $acr 200 10$aJourney into dialogic pedagogy$b[electronic resource] /$fEugene Matusov 210 $aHauppauge, NY $cNova Science Publishers$dc2009 215 $a1 online resource (493 p.) 300 $aDescription based upon print version of record. 311 $a1-60692-535-0 320 $aIncludes bibliographical references and indexes. 606 $aQuestioning 606 $aInteraction analysis in education 606 $aCommunication in education 606 $aEducation$xPhilosophy 608 $aElectronic books. 615 0$aQuestioning. 615 0$aInteraction analysis in education. 615 0$aCommunication in education. 615 0$aEducation$xPhilosophy. 676 $a371.3/7 700 $aMatusov$b Eugene$0857594 801 0$bMiAaPQ 801 1$bMiAaPQ 801 2$bMiAaPQ 906 $aBOOK 912 $a9910452736303321 996 $aJourney into dialogic pedagogy$92144520 997 $aUNINA LEADER 04230nam 2200457z- 450 001 9910140424003321 005 20250326152234.0 035 $a(CKB)2670000000560501 035 $a(oapen)https://directory.doabooks.org/handle/20.500.12854/81359 035 $a(EXLCZ)992670000000560501 100 $a20202205d2010 |y 0 101 0 $afre 135 $aurmn|---annan 181 $ctxt$2rdacontent 182 $cc$2rdamedia 183 $acr$2rdacarrier 200 10$aAtelier nitrate-eau$eEvaluation du Programme de gestion durable de l'azote, 2-5 juin 2009, Peyresq, France 210 $aGembloux$cUliège Library$d2010 215 $a1 electronic resource (125 p.) 311 08$a9782870161036 311 08$a2870161034 330 $aIn 1991, Europe adopted the Nitrates Directive concerning the protection of waters against pollution by nitrates of agricultural origin. This directive requires Member States to designate vulnerable zones (zones in which the nitrate concentration in water exceeds or is likely to reach the limit of 50 mg NO3-.l-1), to implement action programs that can be revised every four years and to draw up, at the same frequency, an evaluation report on these programs for the European Commission. In 1994, the Walloon Region of Belgium delimited the first vulnerable areas (Bruxellian Sands and Hesbaye Cretaceous). In 1996, it defined a code of good agricultural practices that was revised in the form of an Action Program in 2002 and 2007. Two leaflets presenting the Action Program in its 2007 version are attached to this book and available on the website www.nitrawal.be. At each of these stages (1996, 2002 and 2007), the scientists involved made proposals based on their research work. In 2000, the Walloon Government set up the "Nitrawal Management Structure", composed of five members: the Walloon Federation of Agriculture, Aquawal (Professional Union of Water Cycle Operators in the Walloon Region), the Nitrawal non-profit organization, the Catholic University of Louvain (Department of Applied Biology and Agricultural Production) and the University Faculty of Agronomic Sciences of Gembloux (Geopedology Laboratory, GRENeRA(1)). Among their missions, these two university teams are responsible for evaluating the Action Programs and proposing any necessary revisions. The next revision of the Action Program, named in the Walloon region "Sustainable Nitrogen Management Program in Agriculture (PGDA)" will take place in 2010-2011 to respect the four-year periodicity imposed by the Nitrates Directive. GRENeRA(1), in the framework of its missions, organized from June 2 to 5, 2009 a workshop gathering scientists from the Catholic University of Louvain, the Walloon Center for Agronomic Research, the Agricultural Services of the Province of Liège, the University of Liège and the University Faculty of Agronomic Sciences of Gembloux (now ULg - Gembloux Agro-Bio Tech) in order to draw up a state of the art and to present justified proposals for the revision of the current PGDA. The workshop was devoted successively to the study of the following four themes - water (evolution of water quality, agronomic experiments at the plot or watershed level with water impact measurements) - grassland (grazing management, fertilization) and livestock (nitrogen production by animal category), - crops (including crop succession and intercropping) and fertilizers (organic and mineral nitrogen management), - proposals for revision of the ADMP. 606 $aIrrigation$2bicssc 606 $aSustainable agriculture$2bicssc 606 $aFertilizers & manures$2bicssc 606 $aSoil science, sedimentology$2bicssc 606 $aHydrology & the hydrosphere$2bicssc 610 $aWallonia 615 7$aIrrigation 615 7$aSustainable agriculture 615 7$aFertilizers & manures 615 7$aSoil science, sedimentology 615 7$aHydrology & the hydrosphere 700 $aVandenberghe$b Christophe$4edt$0802623 702 $aMarcoen$b Jean Marie$4edt 702 $aVandenberghe$b Christophe$4oth 702 $aMarcoen$b Jean Marie$4oth 906 $aBOOK 912 $a9910140424003321 996 $aAtelier nitrate-eau$93025209 997 $aUNINA